000 00761nam a2200253 i 4500
001 C2-0326881
003 PPAK
005 20180728124624.0
008 140420s2004 my |||| ||||| | may d
020 _a9834119615 ; 9789834119614
040 _aPPAK
_beng
_cPPAK
_erda
082 0 4 _a899.231
_223
090 0 0 _a899.231
_bASA
_dKIH
090 0 0 _a899.231
_bASA
_dKK
100 0 _aA. Samad Said,
_cDato',
_d1935-
_eauthor
_q(Abdul Samad Said)
245 1 0 _aDirgahayu Dr. Mahathir dan kepada pemimpin itu :
264 1 _aSubang Jaya, Selangor :
_bWira Bukit Sdn. Bhd. ,
_c2004
300 _a88 pages ;
_c20 cm
336 _2rdacontent
_atext
337 _2rdamedia
_aunmediated
338 _2rdacarrier
_avolume
650 1 0 _aMalay poetry.
942 _ddc
_cB
999 _c126478
_d126478